[Event "CZE-chT2F 1819"]
[Site "Czech Republic"]
[Date "2018.11.04"]
[Round "2.1"]
[White "Nabelek, Marek"]
[Black "Olsarova, Karolina"]
[Result "1-0"]
[WhiteElo "2206"]
[BlackElo "2288"]
[PlyCount "157"]
[EventDate "2018.10.14"]
[EventType "team-tourn"]
[EventRounds "11"]
[EventCountry "CZE"]
[SourceTitle "EXT 2022"]
[Source "ChessBase"]
[SourceDate "2021.10.06"]
[SourceVersion "1"]
[SourceVersionDate "2021.10.06"]
[SourceQuality "1"]
[WhiteTeam "Opava KVS"]
[BlackTeam "Orlova Slavia II"]
[WhiteTeamCountry "CZE"]
[BlackTeamCountry "CZE"]

1. e4 e5 2. Nf3 Nc6 3. Bc4 Nf6 4. d3 Bc5 5. Nc3 d6 6. Be3 Bxe3 7. fxe3 Na5 8. Bb3 0-0 9. 0-0 c6 10. Qe1 Qb6 11. h3 Re8 12. Nh4 Nxb3 13. axb3 Kh8 14. Nf5 Bxf5 15. Rxf5 d5 16. Qf2 Re6 17. exd5 cxd5 18. Rxf6 gxf6 19. Nxd5 Qc6 20. e4 a6 21. Rf1 Rc8 22. Qh4 Rg8 23. Nxf6 Rg7 24. Rf2 Qc7 25. Kh2 Qd8 26. g4 Rc6 27. g5 Qc8 28. c4 Qd8 29. Rf3 Rd6 30. Qg3 Re6 31. h4 b5 32. Nh5 Qd4 33. Nxg7 Kxg7 34. Qf2 Qxf2+ 35. Rxf2 Rd6 36. Rf3 bxc4 37. bxc4 Rb6 38. Rf2 Rb3 39. Rd2 Kg6 40. Kg3 f5 41. gxf6 Kxf6 42. Kg4 Ke6 43. c5 Rb7 44. Rc2 Rg7+ 45. Kh5 Kd7 46. c6+ Kc7 47. Kh6 Rg3 48. Rc3 Rh3 49. h5 Rh2 50. b3 Rh3 51. Kxh7 Rxh5+ 52. Kg6 Rh8 53. Kg7 Rb8 54. Kf6 Rb5 55. Ke6 Ra5 56. Rc4 Rb5 57. b4 a5 58. bxa5 Rxa5 59. d4 exd4 60. Rxd4 Rh5 61. Rc4 Rh6+ 62. Kf7 Rh4 63. Kf6 Rh6+ 64. Kg5 Rh1 65. e5 Kd8 66. c7+ Kc8 67. Kf6 Rf1+ 68. Ke7 Re1 69. e6 Re2 70. Kf7 Rf2+ 71. Ke8 Re2 72. e7 Rf2 73. Rh4 Rf1 74. Rc4 Rf2 75. Rd4 Rf1 76. Rd8+ Kxc7 77. Rd2 Re1 78. Rc2+ Kd6 79. Kd8 1-0

[Event "CZE-chT1E 1718"]
[Site "Czech Republic"]
[Date "2018.01.07"]
[Round "5.3"]
[White "Nabelek, Marek"]
[Black "Zeberski, Jakub"]
[Result "1/2-1/2"]
[WhiteElo "2244"]
[BlackElo "2323"]
[PlyCount "29"]
[EventDate "2017.10.22"]
[EventType "team-tourn"]
[EventRounds "11"]
[EventCountry "CZE"]
[SourceTitle "EXT 2019"]
[Source "ChessBase"]
[SourceDate "2018.10.10"]
[SourceVersion "1"]
[SourceVersionDate "2018.10.10"]
[SourceQuality "1"]
[WhiteTeam "Opava KVS"]
[BlackTeam "Rychnov nad Kneznou"]
[WhiteTeamCountry "CZE"]
[BlackTeamCountry "CZE"]

1. e4 e6 2. Nf3 c5 3. b3 a6 4. Qe2 Nc6 5. Bb2 d6 6. g3 Nf6 7. Bg2 Be7 8. 0-0 0-0 9. d4 cxd4 10. Nxd4 Bd7 11. Rd1 Qc7 12. c4 b5 13. cxb5 Nxd4 14. Bxd4 Bxb5 15. Qe3 1/2-1/2

[Event "CZE-chT2F 1718"]
[Site "Czech Republic"]
[Date "2017.11.05"]
[Round "2.1"]
[White "Nabelek, Marek"]
[Black "Kislinsky, Alexey"]
[Result "1/2-1/2"]
[WhiteElo "2243"]
[BlackElo "2515"]
[PlyCount "105"]
[EventDate "2017.10.15"]
[EventType "team-tourn"]
[EventRounds "11"]
[EventCountry "CZE"]
[SourceTitle "EXT 2022"]
[Source "ChessBase"]
[SourceDate "2021.10.06"]
[SourceVersion "1"]
[SourceVersionDate "2021.10.06"]
[SourceQuality "1"]
[WhiteTeam "Benesov Dolni"]
[BlackTeam "Orlova Slavia"]
[WhiteTeamCountry "CZE"]
[BlackTeamCountry "CZE"]

1. e4 c5 2. Nc3 Nc6 3. f4 g6 4. Nf3 Bg7 5. Bc4 e6 6. f5 Nge7 7. fxe6 dxe6 8. a3 0-0 9. d3 h6 10. 0-0 Nd4 11. Nxd4 cxd4 12. Ne2 Nc6 13. Qe1 Bd7 14. Bd2 Rc8 15. b4 Ne5 16. Bb3 Ng4 17. Qg3 Ne3 18. Rfc1 a5 19. bxa5 Rc5 20. Bxe3 dxe3 21. d4 Rxa5 22. Qxe3 Qh4 23. e5 Rfa8 24. Rf1 Qe7 25. Ng3 Bc6 26. Ne4 Bxe5 27. dxe5 Rxe5 28. Rf4 f5 29. Qg3 Bxe4 30. Qxg6+ Kf8 31. Qxh6+ Qg7 32. Qh3 Rc5 33. Raf1 Rc3 34. g3 Qd4+ 35. R1f2 Rxb3 36. Qh6+ Kf7 37. Qh7+ Ke8 38. cxb3 Rxa3 39. Qg6+ Ke7 40. Rxe4 Ra1+ 41. Kg2 Qxe4+ 42. Kh3 Rd1 43. Qg7+ Kd8 44. Rf4 Qc6 45. Ra4 Rd7 46. Qh8+ Ke7 47. Qh7+ Kf6 48. Qh6+ Ke7 49. Qh7+ Kf6 50. Qh6+ Ke7 51. Qh4+ Kf7 52. Qh5+ Ke7 53. Qh4+ 1/2-1/2

[Event "CZE-chT1E 1617"]
[Site "Czech Republic"]
[Date "2017.02.19"]
[Round "8.3"]
[White "Nabelek, Marek"]
[Black "Bures, Martin R"]
[Result "1-0"]
[WhiteElo "2272"]
[BlackElo "2102"]
[PlyCount "203"]
[EventDate "2016.10.16"]
[EventType "team-tourn"]
[EventRounds "11"]
[EventCountry "CZE"]
[SourceTitle "CBM 177 Extra"]
[Source "ChessBase"]
[SourceDate "2017.04.27"]
[SourceVersion "1"]
[SourceVersionDate "2017.04.27"]
[SourceQuality "1"]
[WhiteTeam "Opava KVS"]
[BlackTeam "Havirov Banik"]
[WhiteTeamCountry "CZE"]
[BlackTeamCountry "CZE"]

1. e4 e6 2. Nf3 d5 3. e5 c5 4. b4 cxb4 5. d4 Nc6 6. a3 f5 7. axb4 Bxb4+ 8. c3 Be7 9. Bd3 Nh6 10. Bxh6 gxh6 11. h4 Rg8 12. g3 Bd7 13. Qc1 Bf8 14. Ng1 Rc8 15. Qb2 Qc7 16. Ne2 a6 17. 0-0 Nd8 18. Nf4 Be7 19. Kh2 Nf7 20. Rc1 Bxh4 21. gxh4 Nxe5 22. dxe5 Qxe5 23. Qd2 Rg4 24. Re1 Qxf4+ 25. Qxf4 Rxf4 26. Kg3 Rg4+ 27. Kh3 Kf7 28. Be2 Rg7 29. Bf3 Kf6 30. Kh2 Rc4 31. Kh3 Rf4 32. Nd2 Bc6 33. Rg1 Rg6 34. Rg3 e5 35. Bh5 Rxf2 36. Bxg6 Rxd2 37. Bxh7 f4 38. Rg6+ Kf7 39. Kg4 d4 40. Rd6 Ke7 41. Rxc6 bxc6 42. cxd4 Rxd4 43. Rxa6 Rd6 44. Be4 Rf6 45. Bxc6 Kf8 46. Ra8+ Kg7 47. Be4 Rf8 48. Ra7+ Rf7 49. Ra6 Rf6 50. Ra5 h5+ 51. Kf3 Re6 52. Bf5 Re7 53. Ke4 Kf7 54. Ra6 Kg7 55. Rg6+ Kh8 56. Rh6+ Kg8 57. Rxh5 Kg7 58. Rh7+ Kf8 59. Rh6 Kg7 60. Ra6 Re8 61. Kf3 Rf8 62. Be4 Rb8 63. Kg4 Rb4 64. Kf5 f3 65. Rg6+ Kh7 66. Rg3 f2 67. Rf3 Rb2 68. Kxe5+ Kh6 69. Rf8 Kh5 70. Bd3 Kxh4 71. Ke4 Kg3 72. Ke3 Kh2 73. Be2 Kg1 74. Rg8+ Kh2 75. Kxf2 Rb3 76. Rc8 Ra3 77. Rc5 Rb3 78. Rc6 Ra3 79. Rg6 Rb3 80. Bd1 Rb2+ 81. Be2 Rb3 82. Rg8 Ra3 83. Rg2+ Kh1 84. Rg5 Kh2 85. Rd5 Rb3 86. Rg5 Ra3 87. Rg7 Rb3 88. Bc4 Rb2+ 89. Kf3 Rc2 90. Bd3 Rc3 91. Rd7 Ra3 92. Rh7+ Kg1 93. Rd7 Kh2 94. Rd4 Kg1 95. Rd8 Kh2 96. Kf2 Ra2+ 97. Be2 Ra3 98. Rc8 Rb3 99. Rd8 Ra3 100. Bc4 Kh3 101. Rd4 Kh2 102. Be6 1-0

[Event "CZE-chT2F 1617"]
[Site "Czech Republic"]
[Date "2017.02.12"]
[Round "8.1"]
[White "Nabelek, Marek"]
[Black "Navratil, Jiri1111"]
[Result "1/2-1/2"]
[WhiteElo "2272"]
[BlackElo "2014"]
[PlyCount "55"]
[EventDate "2016.10.09"]
[EventType "team-tourn"]
[EventRounds "11"]
[EventCountry "CZE"]
[SourceTitle "EXT 2022"]
[Source "ChessBase"]
[SourceDate "2021.10.06"]
[SourceVersion "1"]
[SourceVersionDate "2021.10.06"]
[SourceQuality "1"]
[WhiteTeam "Benesov Dolni"]
[BlackTeam "Unicov"]
[WhiteTeamCountry "CZE"]
[BlackTeamCountry "CZE"]

1. e4 c5 2. Nc3 e6 3. f4 a6 4. a4 Nc6 5. Nf3 d5 6. d3 d4 7. Ne2 Be7 8. g3 h5 9. h3 Nf6 10. Bg2 Bd7 11. Bd2 Nh7 12. 0-0 g5 13. fxg5 Nxg5 14. Nf4 Nxf3+ 15. Qxf3 Ne5 16. Qe2 h4 17. g4 Qb6 18. Rfb1 a5 19. Qe1 Qa6 20. Kh1 Bc6 21. Nh5 Kd7 22. Bf4 Ng6 23. Bh2 f5 24. gxf5 exf5 25. Qe2 Bxe4 26. Bxe4 fxe4 27. Qg4+ Qe6 28. dxe4 1/2-1/2

[Event "CZE-chT2F 1617"]
[Site "Czech Republic"]
[Date "2017.01.29"]
[Round "7.1"]
[White "Beil, Zdenek"]
[Black "Nabelek, Marek"]
[Result "0-1"]
[WhiteElo "2222"]
[BlackElo "2272"]
[PlyCount "170"]
[EventDate "2016.10.09"]
[EventType "team-tourn"]
[EventRounds "11"]
[EventCountry "CZE"]
[SourceTitle "EXT 2022"]
[Source "ChessBase"]
[SourceDate "2021.10.06"]
[SourceVersion "1"]
[SourceVersionDate "2021.10.06"]
[SourceQuality "1"]
[WhiteTeam "Litovel Tatran II"]
[BlackTeam "Benesov Dolni"]
[WhiteTeamCountry "CZE"]
[BlackTeamCountry "CZE"]

1. d4 Nf6 2. Nf3 g6 3. c4 Bg7 4. g3 0-0 5. Bg2 d6 6. 0-0 Nc6 7. Nc3 a6 8. b3 Rb8 9. Nd5 Bg4 10. Ne3 Bxf3 11. Bxf3 Nxd4 12. Bg2 Nd7 13. Rb1 c5 14. Bb2 b5 15. Qd2 Re8 16. Rfc1 b4 17. Nd5 a5 18. e3 Ne6 19. Ra1 Nb6 20. a4 Nf8 21. Bxg7 Kxg7 22. Qb2+ Kg8 23. Nxb6 Rxb6 24. Rd1 Qc8 25. Rd3 Qf5 26. Rd5 Qe6 27. Rad1 Nd7 28. R5d2 Qf6 29. Qxf6 Nxf6 30. Bf3 Nd7 31. Kf1 Kg7 32. Ke2 f5 33. Bg2 Nf6 34. Bf3 Rf8 35. Rd3 Ne4 36. Bxe4 fxe4 37. Rd5 h6 38. h4 Rbb8 39. Ke1 Rf3 40. R1d2 Rbf8 41. Rc2 R8f6 42. Re2 Rf7 43. Rc2 Kf6 44. Re2 Ke6 45. Red2 R7f6 46. Rc2 Kd7 47. Rd1 Ke6 48. Rcd2 Rf8 49. Rc1 Kd7 50. Rcc2 Ke6 51. Rd5 R8f7 52. Re2 Kf6 53. Kf1 g5 54. hxg5+ hxg5 55. Kg2 Rh7 56. Rd1 g4 57. Red2 Kg6 58. Rh1 Rxh1 59. Kxh1 Rf5 60. Kg2 Rh5 61. Rd1 Kf6 62. Rd2 Ke6 63. Rc2 Kd7 64. Rc1 Kc6 65. Rc2 e6 66. Rc1 Rh7 67. Rd1 d5 68. Rc1 Rd7 69. Rc2 dxc4 70. Rxc4 Rd3 71. Rxe4 Kd5 72. Rxg4 Rxb3 73. Rg8 c4 74. Rd8+ Ke5 75. f4+ Kf5 76. Kf3 c3 77. g4+ Kg6 78. Rc8 Ra3 79. Ke4 b3 80. f5+ exf5+ 81. gxf5+ Kg5 82. f6 b2 83. Rb8 Kxf6 84. Rb6+ Kg5 85. Kd3 Ra1 0-1

[Event "CZE-chT1E 1617"]
[Site "Czech Republic"]
[Date "2017.01.22"]
[Round "6.4"]
[White "Karlik, Vladimir"]
[Black "Nabelek, Marek"]
[Result "1/2-1/2"]
[WhiteElo "2222"]
[BlackElo "2272"]
[PlyCount "39"]
[EventDate "2016.10.16"]
[EventType "team-tourn"]
[EventRounds "11"]
[EventCountry "CZE"]
[SourceTitle "CBM 177 Extra"]
[Source "ChessBase"]
[SourceDate "2017.04.27"]
[SourceVersion "1"]
[SourceVersionDate "2017.04.27"]
[SourceQuality "1"]
[WhiteTeam "Kromeriz"]
[BlackTeam "Opava KVS"]
[WhiteTeamCountry "CZE"]
[BlackTeamCountry "CZE"]

1. d4 Nf6 2. Nf3 g6 3. Bg5 Ne4 4. Bh4 d5 5. Nbd2 Bg7 6. e3 Nxd2 7. Qxd2 0-0 8. c4 c6 9. Be2 Re8 10. 0-0 dxc4 11. Bxc4 Qc7 12. Bg3 Qb6 13. e4 c5 14. Be5 cxd4 15. Bxb8 Rxb8 16. Bxf7+ Kxf7 17. Qf4+ Bf5 18. exf5 Kg8 19. Rae1 Qf6 20. g4 1/2-1/2

[Event "CZE-chT1E 1617"]
[Site "Czech Republic"]
[Date "2016.10.16"]
[Round "1.1"]
[White "Studeny, Radovan"]
[Black "Nabelek, Marek"]
[Result "1/2-1/2"]
[WhiteElo "2069"]
[BlackElo "2272"]
[PlyCount "58"]
[EventDate "2016.10.16"]
[EventType "team-tourn"]
[EventRounds "11"]
[EventCountry "CZE"]
[SourceTitle "CBM 175 Extra"]
[Source "ChessBase"]
[SourceDate "2016.12.12"]
[SourceVersion "1"]
[SourceVersionDate "2016.12.12"]
[SourceQuality "1"]
[WhiteTeam "Stare Mesto"]
[BlackTeam "Opava KVS"]
[WhiteTeamCountry "CZE"]
[BlackTeamCountry "CZE"]

1. e4 c5 2. Nf3 e6 3. d4 cxd4 4. Nxd4 Nf6 5. Bd3 Nc6 6. c3 d5 7. Bb5 Qc7 8. exd5 Nxd5 9. 0-0 Bd6 10. h3 0-0 11. Be2 Nxd4 12. Qxd4 Rd8 13. Kh1 b6 14. Bf3 Bc5 15. Qa4 Bb7 16. Bg5 Rd7 17. Na3 Bc6 18. Qb3 h6 19. Bd2 Nf6 20. Bf4 Qb7 21. Bxc6 Qxc6 22. Rae1 Rad8 23. Nc4 Qa8 24. Qc2 Nd5 25. Bg3 Ne7 26. b4 b5 27. Ne5 Rd2 28. Qb3 Bb6 29. Nxf7 R8d5 1/2-1/2

[Event "CZE-chT2F 1516"]
[Site "Czech Republic"]
[Date "2016.04.17"]
[Round "11.61"]
[White "Cyfka, Karina"]
[Black "Nabelek, Marek"]
[Result "1/2-1/2"]
[WhiteElo "2405"]
[BlackElo "2260"]
[PlyCount "63"]
[EventDate "2015.10.18"]
[EventType "team-tourn"]
[EventRounds "11"]
[EventCountry "CZE"]
[SourceTitle "EXT 2022"]
[Source "ChessBase"]
[SourceDate "2021.10.06"]
[SourceVersion "1"]
[SourceVersionDate "2021.10.06"]
[SourceQuality "1"]
[WhiteTeam "Trinec II"]
[BlackTeam "Benesov Dolni"]
[WhiteTeamCountry "CZE"]
[BlackTeamCountry "CZE"]

1. d4 Nf6 2. c4 g6 3. Nc3 Bg7 4. e4 d6 5. Bd3 0-0 6. Nge2 e5 7. d5 a5 8. h3 Na6 9. Be3 Nd7 10. 0-0 f5 11. exf5 gxf5 12. f4 e4 13. Bb1 Qe7 14. a3 c5 15. dxc6 bxc6 16. b4 Nc7 17. Ra2 axb4 18. axb4 Rxa2 19. Bxa2 Bb7 20. c5+ d5 21. b5 Nxc5 22. bxc6 Bxc6 23. Nxd5 Bxd5 24. Bxd5+ Nxd5 25. Qxd5+ Ne6 26. Rb1 Kh8 27. Ng3 Qf6 28. Rb6 Nxf4 29. Rxf6 Nxd5 30. Rxf8+ Bxf8 31. Bd4+ Kg8 32. Nxf5 1/2-1/2

[Event "CZE-chT1E 1516"]
[Site "Czech Republic"]
[Date "2016.02.14"]
[Round "8.4"]
[White "Nabelek, Marek"]
[Black "Senkyr, Martin"]
[Result "1/2-1/2"]
[WhiteElo "2279"]
[BlackElo "2177"]
[PlyCount "94"]
[EventDate "2015.10.11"]
[EventType "team-tourn"]
[EventRounds "11"]
[EventCountry "CZE"]
[SourceTitle "CBM 170 Extra"]
[Source "ChessBase"]
[SourceDate "2016.02.25"]
[SourceVersion "1"]
[SourceVersionDate "2016.02.25"]
[SourceQuality "1"]
[WhiteTeam "Opava "]
[BlackTeam "Zlin"]
[WhiteTeamCountry "CZE"]
[BlackTeamCountry "CZE"]

1. e4 e5 2. Nf3 Nc6 3. Bc4 Nf6 4. Qe2 Be7 5. c3 d6 6. h3 0-0 7. Bb3 Be6 8. Bc2 d5 9. d3 h6 10. Nbd2 Nd7 11. Nf1 f5 12. Ne3 fxe4 13. dxe4 d4 14. Nd5 Nf6 15. Nxf6+ Bxf6 16. Bb3 Bxb3 17. axb3 Qd6 18. Qc4+ Kh8 19. 0-0 a6 20. Rd1 b5 21. Qd5 Qxd5 22. exd5 Ne7 23. cxd4 exd4 24. Nxd4 Rfd8 25. Ne6 Rxd5 26. Re1 Re5 27. Bf4 Rxe1+ 28. Rxe1 Nd5 29. Nxc7 Nxc7 30. Bxc7 Bxb2 31. Ba5 Kg8 32. Re4 Bf6 33. g4 Kf7 34. Kg2 Rc8 35. Kf3 Rc2 36. Kg3 Ra2 37. b4 Ra3+ 38. Kg2 Rc3 39. f4 Be7 40. f5 Rb3 41. Re6 Ra3 42. Rc6 Ra4 43. Re6 h5 44. gxh5 Bxb4 45. Bxb4 Rxb4 46. Rxa6 Rf4 47. h6 gxh6 1/2-1/2

[Event "CZE-chT2F 1516"]
[Site "Czech Republic"]
[Date "2015.12.06"]
[Round "4.51"]
[White "Nabelek, Marek"]
[Black "Wiewiora, Eneasz"]
[Result "1/2-1/2"]
[WhiteElo "2260"]
[BlackElo "2290"]
[PlyCount "100"]
[EventDate "2015.10.18"]
[EventType "team-tourn"]
[EventRounds "11"]
[EventCountry "CZE"]
[SourceTitle "EXT 2022"]
[Source "ChessBase"]
[SourceDate "2021.10.06"]
[SourceVersion "1"]
[SourceVersionDate "2021.10.06"]
[SourceQuality "1"]
[WhiteTeam "Benesov Dolni"]
[BlackTeam "Cesky Tesin"]
[WhiteTeamCountry "CZE"]
[BlackTeamCountry "CZE"]

1. e4 d6 2. d4 Nf6 3. Nc3 e5 4. Nf3 Nbd7 5. Bc4 Be7 6. 0-0 0-0 7. a4 c6 8. Re1 b6 9. d5 cxd5 10. Bxd5 Nxd5 11. Nxd5 Bb7 12. c4 h6 13. b3 Nf6 14. Nxf6+ Bxf6 15. Ra2 Be7 16. Rd2 Qc7 17. Rd3 Rad8 18. Nd2 Qc8 19. Nb1 f5 20. Nc3 Qe6 21. Nd5 Bh4 22. g3 Qg6 23. exf5 Rxf5 24. Rf3 Rdf8 25. Rxf5 Rxf5 26. Be3 Kh7 27. Qb1 Bg5 28. Bxg5 Rxg5 29. Qxg6+ Rxg6 30. Ne3 Bf3 31. Nf1 Rf6 32. Re3 g5 33. h3 Kg6 34. Nd2 Bc6 35. f3 h5 36. g4 hxg4 37. hxg4 Kf7 38. Kf2 Rh6 39. Ke2 Rh2+ 40. Kd3 Ke6 41. Ne4 Bxe4+ 42. Kxe4 Rb2 43. Rc3 Rb1 44. Rd3 Re1+ 45. Re3 Rh1 46. Rd3 Rb1 47. Rc3 Rd1 48. Rd3 Rh1 49. Rc3 Rh8 50. Rd3 Rh1 1/2-1/2

[Event "CZE-chT2F 1516"]
[Site "Czech Republic"]
[Date "2015.11.08"]
[Round "2.61"]
[White "Nabelek, Marek"]
[Black "Motuz, Karol"]
[Result "0-1"]
[WhiteElo "2260"]
[BlackElo "2312"]
[PlyCount "110"]
[EventDate "2015.10.18"]
[EventType "team-tourn"]
[EventRounds "11"]
[EventCountry "CZE"]
[SourceTitle "EXT 2022"]
[Source "ChessBase"]
[SourceDate "2021.10.06"]
[SourceVersion "1"]
[SourceVersionDate "2021.10.06"]
[SourceQuality "1"]
[WhiteTeam "Benesov Dolni"]
[BlackTeam "Vsetin"]
[WhiteTeamCountry "CZE"]
[BlackTeamCountry "CZE"]

1. e4 e6 2. d4 d5 3. exd5 exd5 4. Bf4 Bd6 5. Bxd6 Qxd6 6. c3 Bf5 7. Bd3 Ne7 8. Bxf5 Nxf5 9. Nf3 0-0 10. 0-0 Nd7 11. Qd3 Qg6 12. Nbd2 Rfe8 13. Rfe1 c6 14. Rxe8+ Rxe8 15. Re1 Rxe1+ 16. Nxe1 Qe6 17. Nc2 h6 18. Nf1 Nf6 19. Nce3 Nd6 20. Ng3 g6 21. f3 Kg7 22. Kf2 h5 23. Ne2 Nh7 24. Nf1 Ng5 25. Qe3 Qf6 26. Qf4 Qxf4 27. Nxf4 Kf6 28. Ne3 Ne6 29. Nxe6 fxe6 30. f4 c5 31. dxc5 Ne4+ 32. Ke2 Nxc5 33. b4 Na6 34. Kd3 Nc7 35. c4 dxc4+ 36. Kxc4 e5 37. g3 exf4 38. gxf4 Ne6 39. Kd5 Nxf4+ 40. Kd6 Nd3 41. a3 Nb2 42. Kc7 b5 43. Kb7 Nc4 44. Nc2 g5 45. Kxa7 g4 46. Ne1 h4 47. Ka6 Nxa3 48. Ng2 Kg5 49. Ne3 Kf4 50. Ng2+ Kg5 51. Ne3 h3 52. Nf1 Kf4 53. Kb7 Kf3 54. Kc6 Kf2 55. Nd2 Kg2 0-1

[Event "CZE-chT2F 1415"]
[Site "Czech Republic"]
[Date "2015.03.15"]
[Round "9.44"]
[White "Mohapl, Petr"]
[Black "Nabelek, Marek"]
[Result "1/2-1/2"]
[WhiteElo "2076"]
[BlackElo "2270"]
[PlyCount "104"]
[EventDate "2014.11.02"]
[EventType "team-tourn"]
[EventRounds "11"]
[EventCountry "CZE"]
[SourceTitle "EXT 2022"]
[Source "ChessBase"]
[SourceDate "2021.10.06"]
[SourceVersion "1"]
[SourceVersionDate "2021.10.06"]
[SourceQuality "1"]
[WhiteTeam "Litovel Tatran II"]
[BlackTeam "Havirov Banik"]
[WhiteTeamCountry "CZE"]
[BlackTeamCountry "CZE"]

1. e4 c5 2. Nf3 e6 3. Bc4 a6 4. c3 d5 5. exd5 exd5 6. Bb3 Qe7+ 7. Qe2 Nf6 8. Qxe7+ Bxe7 9. d4 c4 10. Bc2 Nc6 11. Bf4 Nh5 12. Be3 0-0 13. h3 Bd6 14. 0-0 f5 15. b3 Na5 16. Bc1 Re8 17. g3 Nf6 18. Kg2 Ne4 19. Nfd2 Bd7 20. Bxe4 fxe4 21. b4 Nc6 22. Re1 b5 23. a3 a5 24. Bb2 Re6 25. Nf1 Rh6 26. h4 Ne7 27. Ne3 Bc7 28. Nd2 Rf6 29. Ndf1 Raf8 30. Re2 Ra6 31. Ree1 Rfa8 32. Nd2 Be8 33. f4 Bd7 34. Ndf1 Rg6 35. Kh2 Rga6 36. Ng2 g6 37. Nfe3 Kg7 38. Nc2 Nc8 39. Nge3 Nb6 40. bxa5 Rxa5 41. Nb4 Be6 42. Rab1 Bd6 43. Rbc1 R5a7 44. Rf1 Rf7 45. Kg2 Raf8 46. Rf2 h6 47. Rcf1 Bxb4 48. axb4 Ra8 49. g4 Ra2 50. Kg3 Bc8 51. f5 gxf5 52. gxf5 h5 1/2-1/2

[Event "CZE-chT1E 1415"]
[Site "Czech Republic"]
[Date "2015.02.01"]
[Round "7.3"]
[White "Nabelek, Marek"]
[Black "Mudrak, Josef"]
[Result "1/2-1/2"]
[WhiteElo "2270"]
[BlackElo "2337"]
[PlyCount "82"]
[EventDate "2014.10.19"]
[EventType "team-tourn"]
[EventRounds "11"]
[EventCountry "CZE"]
[SourceTitle "EXT 2016"]
[Source "ChessBase"]
[SourceDate "2015.10.08"]
[SourceVersion "1"]
[SourceVersionDate "2015.10.08"]
[SourceQuality "1"]
[WhiteTeam "Opava"]
[BlackTeam "Kromeriz"]
[WhiteTeamCountry "CZE"]
[BlackTeamCountry "CZE"]

1. e4 c5 2. Nc3 Nc6 3. f4 e6 4. Nf3 d5 5. Bb5 Nge7 6. exd5 exd5 7. Qe2 Bg4 8. Bxc6+ bxc6 9. d3 g6 10. Qe5 Rg8 11. 0-0 Bg7 12. Qe2 Qd6 13. Re1 Bf6 14. Qf2 Bxf3 15. Qxf3 0-0-0 16. Be3 Nf5 17. Kh1 Rde8 18. Bg1 h5 19. Na4 Bd4 20. c3 Bxg1 21. Kxg1 Kb7 22. a3 d4 23. Re4 Ka8 24. Rae1 Rd8 25. c4 g5 26. fxg5 Rxg5 27. Qf4 Qxf4 28. Rxf4 Rdg8 29. Re2 h4 30. h3 Ne3 31. Rff2 a5 32. Nb6+ Kb7 33. Nd7 R8g7 34. Nf6 Kb6 35. Kh2 Rg3 36. Nd7+ Kc7 37. Nxc5 Kd6 38. b4 f5 39. Nb3 axb4 40. axb4 Ke5 41. Nd2 Kf6 1/2-1/2

[Event "CZE-chT2F 1415"]
[Site "Czech Republic"]
[Date "2015.01.11"]
[Round "5.63"]
[White "Nabelek, Marek"]
[Black "Soban, Jaroslav"]
[Result "1-0"]
[WhiteElo "2270"]
[BlackElo "2110"]
[PlyCount "51"]
[EventDate "2014.11.02"]
[EventType "team-tourn"]
[EventRounds "11"]
[EventCountry "CZE"]
[SourceTitle "EXT 2022"]
[Source "ChessBase"]
[SourceDate "2021.10.06"]
[SourceVersion "1"]
[SourceVersionDate "2021.10.06"]
[SourceQuality "1"]
[WhiteTeam "Havirov Banik"]
[BlackTeam "Grygov II"]
[WhiteTeamCountry "CZE"]
[BlackTeamCountry "CZE"]

1. e4 Nf6 2. e5 Nd5 3. d4 d6 4. c4 Nb6 5. exd6 exd6 6. Nc3 Be7 7. b3 0-0 8. Bd3 Nc6 9. Nge2 Bg4 10. 0-0 Bf6 11. Be3 Nxd4 12. Bxd4 Bxd4 13. Bxh7+ Kxh7 14. Qxd4 Bxe2 15. Nxe2 Kg8 16. Ng3 Re8 17. f4 Qe7 18. Nf5 Qf8 19. Rf3 Re6 20. Rg3 Rg6 21. Re1 Re8 22. Rxe8 Qxe8 23. Re3 Qf8 24. Ne7+ Kh7 25. Nxg6 fxg6 26. Qe4 1-0

[Event "CZE-chT2F 1314"]
[Site "Czech Republic"]
[Date "2013.11.17"]
[Round "2.32"]
[White "Karlik, Ondrej"]
[Black "Nabelek, Marek"]
[Result "1/2-1/2"]
[WhiteElo "2091"]
[BlackElo "2274"]
[PlyCount "60"]
[EventDate "2013.11.03"]
[EventType "team-tourn"]
[EventRounds "11"]
[EventCountry "CZE"]
[SourceTitle "EXT 2016"]
[Source "ChessBase"]
[SourceDate "2015.10.08"]
[SourceVersion "1"]
[SourceVersionDate "2015.10.08"]
[SourceQuality "1"]
[WhiteTeam "Hostalkova"]
[BlackTeam "Opava KVS"]
[WhiteTeamCountry "CZE"]
[BlackTeamCountry "CZE"]

1. e4 c5 2. Nf3 g6 3. d4 cxd4 4. Nxd4 Bg7 5. Be3 Nf6 6. Nc3 Nc6 7. Qd2 0-0 8. Bc4 Qa5 9. f3 Nxd4 10. Bxd4 Qb4 11. b3 d6 12. Rd1 Be6 13. Nd5 Qxd2+ 14. Rxd2 Nxd5 15. Bxd5 Bxd5 16. exd5 Rfc8 17. Bxg7 Kxg7 18. Kd1 b5 19. Re1 Rc7 20. Re4 a5 21. Rdd4 Rac8 22. Rd2 h5 23. Rde2 Kf8 24. g4 hxg4 25. fxg4 g5 26. R4e3 Ra7 27. Rf3 f6 28. h4 Rc5 29. Rf5 gxh4 30. g5 Kf7 1/2-1/2

[Event "Kouty nad Desnou op-F"]
[Site "Kouty nad Desnou"]
[Date "2013.03.14"]
[Round "7"]
[White "Nabelek, Marek"]
[Black "Simunek, Filip"]
[Result "1-0"]
[WhiteElo "2204"]
[BlackElo "2153"]
[PlyCount "55"]
[EventDate "2013.03.09"]
[EventType "swiss"]
[EventRounds "9"]
[EventCountry "CZE"]
[SourceTitle "EXT 2015"]
[Source "ChessBase"]
[SourceDate "2014.11.20"]
[SourceVersion "1"]
[SourceVersionDate "2014.11.20"]
[SourceQuality "1"]

1. e4 c5 2. Nc3 Nc6 3. f4 g6 4. Nf3 Bg7 5. Bc4 e6 6. f5 Nge7 7. fxe6 fxe6 8. d3 d5 9. Bb3 b5 10. a3 0-0 11. 0-0 c4 12. Ba2 Qb6+ 13. Kh1 Bb7 14. exd5 Ne5 15. Nxe5 Bxe5 16. Bh6 Nxd5 17. Rxf8+ Rxf8 18. Nxd5 Bxd5 19. Bxf8 Kxf8 20. Qf1+ Kg7 21. dxc4 bxc4 22. Bxc4 Qc7 23. Bxd5 exd5 24. c3 Bxh2 25. Qf3 Bf4 26. Rf1 g5 27. g3 Bxg3 28. Qf6+ 1-0